000 00221nam a2200085Ia 4500
008 120527s9999 xx 000 0 und d
100 _aTALARO, Park.Kathleen
245 _aFoundations in microbiology 4th edition
942 _cBK
999 _c25212
_d25212